01064nam a22002777a 45000010005000000030006000050050017000110080041000280200018000690400029000870500016001160820010001321000026001422450068001682600036002363000063002725050008003355200152003435210028004955210019005236500034005427000032005769420015006089990015006239520148006387733FISKH20250801143825.0250801b cb ||||| |||| 00| 0 eng d a9780439295000 aFISKHbengcFISKHdFISKH aTJ1233 .W45 a621.9 aWeinberger, Kimberly  aMy saw / cby Kimberly Weinberger ; Illustrated by Billy Davis  aNew York : bCartwheel,c2001. a10 unnumbered pages : bcolor illustrations ; c24 x 29 cm aG  a"With vibrant artwork and rhyming text, this durable board book provides the perfect way to introduce preschoolers to the exciting world of tools!"8 a380 bLexile estimate 8 aG bRaz-Plus  aBoard BookvCommunity Helpers aDavis, Billy eillustrator  2ddccBKn0 c7733d7733 00102ddc40708JUVFa001b001cTK Blued2025-08-01l1oWEI 621.9 TJ1233 .W45 pFISBK07110r2025-09-04 08:30:33s2025-08-21t1w2025-08-01yBK